000 00569nam a2200229Ia 4500
008 160319s9999 xx 000 0 und d
020 _a9716100469
050 _bB463i 2002
100 _aBenedicta, Ma. Rosario
245 _aAng Ibong Adarna:
245 _bIsang Pag-aayos at Pagpapahalaga /
260 _bISA-JECHO Pub.
260 _c2002
300 _a182 pages ;
300 _c21 cm.
650 _aBirds --
650 _aKings and rulers --
650 _aPrinces -- Travel --
650 _xFiction.
650 _xFiction.
650 _xFiction.
999 _c292294
_d292294